00744nam a2200169Ia 4500008004100000020001800041082002600059100002500085245008200110250000600192260002400198300001100222505018600233650002600419952011200445999001700557120622s9999 xx 000 0 und d a968-432-403-0 a344.01 B928d v.1 1991 aBuen L., Néstor de aDerecho del trabajo : tomo primero. conceptos generales / Néstor de Buen L. a8 aMéxico : Porrúa a643 p. aIntroducción al derecho del trabajo. -- Historia del movimiento obrero y del derecho del trabajo. -- Derecho internacional del trabajo. -- Teoría general del derecho del trabajo a1. DERECHO LABORALÌ 00104070a01b01d2007-01-25l2o344.01 B928D V.1 1991p01 000102r2013-05-29s2013-05-29w2012-06-24yLB c54553d54553